Ideational idioms in Business English communication
Na minha lista:
| Autor principal: | |
|---|---|
| Autor Corporativo: | |
| Outros Autores: | , |
| Formato: | Livro |
| Idioma: | inglês |
| Publicado em: |
Bratislava
Vydavateľstvo EKONÓM
2016
|
| Edição: | 1. vyd. |
| Assuntos: | |
| Tags: |
Sem tags, seja o primeiro a adicionar uma tag!
|
MARC
| LEADER | 00000nam a2200000 4500 | ||
|---|---|---|---|
| 001 | 0225725 | ||
| 005 | 20240502073712.7 | ||
| 020 | |a 978-80-225-4323-1 | ||
| 041 | 0 | |a eng | |
| 044 | |a SK | ||
| 245 | 1 | 0 | |a Ideational idioms in Business English communication |c Zuzana Hrdličková ; odborne posúdili: Helena Šajgalíková, Magdaléna Bilá |
| 250 | |a 1. vyd. | ||
| 264 | 1 | |a Bratislava |b Vydavateľstvo EKONÓM |c 2016 | |
| 300 | |a 165 s. [9,48 AH] | ||
| 610 | 2 | 0 | |a jazyky cudzie |
| 610 | 2 | 0 | |a angličtina |
| 610 | 2 | 0 | |a komunikácia |
| 610 | 2 | 0 | |a frazeológia |
| 610 | 2 | 0 | |a štylistika |
| 100 | 1 | |a Hrdličková, Zuzana | |
| 700 | 1 | |a Šajgalíková, Helena | |
| 700 | 1 | |a Bilá, Magdaléna | |
| 710 | 2 | |a Ekonomická univerzita v Bratislave. Fakulta aplikovaných jazykov | |